| 000 | 00729nam a2200205Ii 4500 | ||
|---|---|---|---|
| 003 | JO-AjNU | ||
| 008 | 230605s9999||||xx |||||||||||||| ||und|| | ||
| 040 |
_aJO-AjNU _bara _erda _cJO-AjNU |
||
| 041 | _aara | ||
| 050 | 1 | 4 | _aSB951 2014 |
| 100 | 3 |
_aالحجار، محمد جمال, _eauthor _964325 |
|
| 245 | 0 | 0 | _aمبيدات الآفات العامة |
| 250 | _aط4 | ||
| 264 | 3 | 1 | _aالقاهرة: دار الجوهرة للنشر، 2014 |
| 300 |
_a574ص _bيحتوي على ملاحق باللغتين العربية والانجليزية من ص559-573ص |
||
| 336 |
_atext _btxt _2rdacontent |
||
| 337 |
_aunmediated _bn _2rdamedia |
||
| 338 |
_avolume _bnc _2rdacarrier |
||
| 650 | 4 |
_aمبيدات الآفات _964326 |
|
| 999 |
_aA29226 _c32794 _d32794 |
||